000 01178nam a22002537a 4500
001 3644
003 FISKH
005 20240402112943.0
008 240402b cb ||||| |||| 00| 0 eng d
020 _a9789995001711
040 _aFISKH
_bFISKH
_ckhr
_dFISKH
050 _aPZ7
082 _a512.74
100 _aKimsrun, Inn
245 _aសៀវភៅ​ហ្វឹកហាត់​គណិតវិទ្យា ថ្នាក់ទី៣ /
260 _aភ្នំពេញ :
_bគ្រិះស្ថានបោះពុម្ពនិងចែកផ្សាយ,
_c2013.
300 _a108 pages :
_billustrations ;
_c21 cm
520 _aសៀវភៅ​គណិតវិទ្យា ថ្នាក់ទី៣ ជា​សៀវភៅ​ហ្វឹកហាត់​សម្រាប់​កុមារ ដើម្បី​ជំនួយ​ការ​ហ្វឹកហាត់​កុមារ​បន្ថែម​នៅ​ផ្ទះ ។
520 _aGrade 3 math textbook is a training book for children to help train more children at home.
650 _aMath
650 _aគណិត
942 _2ddc
_cKHB
_n0
999 _c3644
_d3644